| 000 | 01278ngm a22003730a 4500 | ||
|---|---|---|---|
| 001 | PT38799 | ||
| 003 | AR-LpoUNG | ||
| 005 | 20210202000535.0 | ||
| 007 | vd cvaizq | ||
| 008 | 191001s2007||||ag |||||||||||||||||spa d | ||
| 037 | _c$7.65 | ||
| 037 | _c$7.80 | ||
| 040 |
_aAR-LpoUNG _bspa _cAR-LpoUNG _eaacr |
||
| 041 | _aspa | ||
| 044 | _aag | ||
| 082 | 0 | _a927 967hec | |
| 100 | 1 |
_aWolf, Sergio _edir. |
|
| 245 | 1 | 0 | _aYo no sé qué me han hecho tus ojos |
| 260 |
_aBuenos Aires : _bCine Ojo, _c2007. |
||
| 300 | _aDVD (64 min.) : son., col. | ||
| 505 | 0 | _aHecha en 2003. - Guión: Sergio Wolf, Lorena Muñoz. - Fotográfia: Segundo Cerrato, Federico Ransenberg y Marcelo Lavintman. - Elenco: Miguel Ciacci, Rolando Goyaud, Ada Falcón, Aníbal Ford, José Martínez Suárez, Sergio Wolf. | |
| 520 | _aDocumental sobre la misteriosa vida de Ada Falcón, leyenda del tango que se retira muy joven y se ordena como monja franciscana. Rompe un silencio de sesenta años en esta película. | ||
| 650 | 4 | _aARGENTINA | |
| 650 | 4 | _aBIOGRAFIAS | |
| 650 | 4 | _aMUSICA | |
| 651 | 4 | _aArgentina | |
| 653 | _aCINE NACIONAL | ||
| 653 | _aDOCUMENTAL | ||
| 653 | _aFALCON, ANA | ||
| 653 | _aTANGO | ||
| 700 | 1 |
_aMuñoz, Lorena _edir. |
|
| 905 | _a38799 | ||
| 942 | _cDVD | ||
| 999 |
_c55115 _d55115 |
||